1424 1506 1515 1957 1359 1767 1724 1010 1695 1649 1611 1419 1937 1646 1590 1061 1834 1148 1223 1248 1105 1547 1757 1137 1299 1768 1614 1658 1028 1798 1800 1634 1426 1984 1888 1232 1247 1822 1337 1455 1745 1547 1410 1908 1507 1057 1564 1942 1473 1640 1156 1353 1652 1407 1134 1625 1085 1237 1375 1934 1850 1190 1682 1404 1056 1516 1918 1616 1044 1557 1886 1058 1353 1466 1440 1611 1391 1704 1933 1228 1153 1202 1614 1639 1842 1838 1378 1699 1191 1459 1565 1922 1872 1030 1734 1794 1003 1958 1815 BCNSPRNW ULIB Ver.6.0+V

เปลี่ยนเป็นภาษาไทย

Change to English
 แสดงรายละเอียดบรรณานุกรม
  กลับหน้าหลัก

Brief Record : Get Marc (ISO 2709) : E-mail record : QR code < ปิดหน้าต่าง
LEADER : 00000nam 2200000uu 4500
001    13399126543
003     ULIB
008    181019s2017||||th 000 0 tha d
020    ^a9781119266662
060    ^aW50^bN634A
100    ^aNicola Cooper, Anna Frain, John Frain
245    ^aABC of Clinical Professionalism
260    ^aHoboken, NJ :^bWiley Blackwell,^c2017
300    ^a81 pages;^b30 cm
650    ^aMESH:Professionalism
650    ^aPatient Care-ethics
650    ^aConfidentiality
760    ^aPart of the ABC Series series
945    ^p0^l0^i26811
999    ^aกัณชพร จุลอักษร
รายการนี้ยังไม่มีแท็ก
คุณยังไม่ได้ล็อกอิน คุณสามารถมีกิจกรรมร่วมกับเว็บไซต์ได้ แต่ต้องล็อกอินก่อน ::
  ล็อกอิน

รายการสื่อสารสนเทศ

ลำดับที่ ประเภท เลขเรียก/บาร์โค้ด สถานที่ สถานะ
1. วิทยาศาสตร์การแพทย์ และสุขภาพ
วิทยาศาสตร์การแพทย์ และสุขภาพ
W50 N634A ฉ.1 
  Barcode: 26811
ห้องสมุดวิทยาเขตนครสวรรค์
►หนังสือทั่วไป:l:General Books
บนชั้น

รายการใกล้เคียง
    ชื่อเรื่อง [ABC of Clinical Professionalism]

    ผู้แต่ง [Nicola Cooper, Anna Frain, John Frain]

    หัวเรื่อง [MESH:Professionalism]
    หัวเรื่อง [Patient Care-ethics]
    หัวเรื่อง [Confidentiality]

BibComment


ยังไม่เคยถูกคอมเมนท์

คอมเมนท์ทรัพยากรรายการนี้
  คอมเมนท์: ABC of Clinical ..


 Copyright 2026. Bcnsprnw @Library